000 00664nam a2200241Ia 4500
003 OSt
005 20221007071236.0
006 a|||||r|||| 00| 0
007 ta
008 221006b |||||||| |||| 00| 0 eng d
024 _a24,608
037 _cTextual
040 _aFLL
_cFLL
_beng
041 _2eng
_aeng
082 _aZ3vN3, H0
100 _aPlucknett Theodore F.T.
_9684143
245 0 _aConcise history of the common law
250 _a3rd
260 _aLondon
_bButterworth & Co. (Publishers) Ltd. England
_c1940
300 _axxx,1-672p
_ccm.
942 _hZ3vN3, H0
_cTEXL
_2CC
999 _c1142854
_d1142854